000 00578nam a2200229Ia 4500
005 20260320201220.0
008 008 262003s9999 xx 000 0 eng d
037 _aEBOOK
040 _aCRL
040 _beng
040 _cCRL
041 _2eng
041 _aeng
084 _qCRL
245 0 _aCyber-Vigilance and Digital Trust: Cyber Security in the Era of Cloud Computing and IoT
260 _bIEEE
260 _c2019
856 _uhttps://ieeexplore.ieee.org/servlet/opac?bknumber=9820849
942 _cEBOOK
999 _c1719740
_d1719740